000 00499nam a2200157 4500
001 21828
005 20230411085951.0
008 060907n2000 dr spa
020 _a8497050118
035 _9funglode21990
041 _aES
245 0 _aSeries de ciencia e ingenieria de alimentos :
_binvestigacion del postgrado del IAD-DTA /
_cPedro Fito, Amparo Chiralt, Ana Andres, Nuria Martines, editores
260 _aValencia :
_bU.P.V.,
_c2000
300 _a744 p.
942 _2lcc
_cbk
999 _c110175
_d110175